000
00280nam a22001217a 4500
999
_c
528100
_d
528100
003
NUST
038
_a
M.Ramzan
082
_a
388.312
_b
AAS
100
_a
AASHTO
_9
19667
245
_a
Uniform traffic control devices for street &highways /
_c
AASHTO
260
_a
US
942
_2
ddc
_c
BK